000 00569nam a22002057a 4500
005 20150330100749.0
008 070626s2007 nyua 001 0 eng d
020 _a9780072263381
041 0 _aeng
080 _a004
100 1 _aMann, Bill
_q(William P.)
245 1 0 _aHow to do everything with Microsoft Office Outlook 2007 /
_cBill Mann.
260 _aNew York :
_bMcGraw-Hill,
_c2007.
300 _a466 f. :
_bme il.;
_c23 cm.
505 _aIndex: f. 447 - 466
630 0 0 _aMicrosoft Outlook.
650 _aKompjuterat
650 _aProgramet
942 _2udc
_cBK
999 _c623
_d623